000 00257nam a2200121Ia 4500
008 190216s9999||||xx |||||||||||||| ||und||
100 _aNull
245 0 _aHindi-Aanidi
260 _bPoorna Pubs Kozhikode
300 _a138
650 _aHindi
942 _cBK
999 _c15944
_d15944